Un movimiento ideológico en Chile

Đã lưu trong:
Chi tiết về thư mục
Tác giả chính: Domínguez, Eliodoro (Tác giả)
Định dạng: Sách
Ngôn ngữ:Tiếng Tây Ban Nha
Được phát hành: Santiago W. Gnadt 1935
Những chủ đề:
Các nhãn: Thêm thẻ
Không có thẻ, Là người đầu tiên thẻ bản ghi này!

MARC

LEADER 00000nam a2200000 a 4500
001 UCP5904
003 CL-VaPUC
008 991001e19350000CL |||||||||||||||||spa|d
082 0 4 |a 379.983  |b DOM  |2 21 
100 0 |a Domínguez, Eliodoro  |e author  |9 434548 
245 1 3 |a Un movimiento ideológico en Chile 
300 |a 130 p 
942 |c BK 
945 |d 19991001 00:00:00  |a crobeson 
260 |a Santiago  |b W. Gnadt  |c 1935 
650 7 |a REFORMA DE LA EDUCACION  |2 CL-VaPUC  |9 333471 
650 0 |a Política educacional  |9 308011 
650 0 |a Ideologías  |9 255200 
650 0 |a Crítica e interpretación   |9 255042 
651 7 |a CHILE  |2 CL-VaPUC  |9 434549 
583 |a last modification  |c 19991001 00:00:00  |k Rodrigo Vera 
999 |c 283541  |d 283539 
952 |0 0  |1 0  |4 0  |6 379_983000000000000_DOM_1935  |7 0  |8 X  |9 326794  |a BIBHIS  |b BIBHIS  |d 2019-11-20  |i 1357794  |o 379.983 DOM 1935  |p 1357794  |r 2024-01-30  |w 2019-11-20  |y BK_X  |k HIS